000 01384nam0a2200325 4500
001 RU\NLR\bibl\1877655
005 20260406110447.0
035 _a(NLR Aleph) 001867449
090 _a2615013
_c2615013
100 _a20120306d2011 |||y0rusy50 ca
101 0 _arus
102 _aRU
105 _ay |||||||||
200 1 _aДа исчезнет печаль, Пока мы молоды!
_dPereat tristitia, Juvenes dum sumus!
_fГригорий Ястребенецкий
_zlat
210 _aСанкт-Петербург
_cФилателия
_d2011
215 _a117 с.
_cил., портр., факс.
_d21
316 _aЭкз. N° 03 Рос. нац. б-ки
_5NLR
510 0 _6z73790
_aPereat tristitia, Juvenes dum sumus!
_zlat
600 1 _aЯстребенецкий
_bГ.Д.
_f1923
_gГригорий Данилович
_xАвтобиография
_92096796
_3RU\NLR\auth\661572097
686 _aЩ133(2Р=Рус)7-8Ястребенецкий
700 1 _4070
_8rus
_7ca
_aЯстребенецкий
_bГ. Д.
_f1923-2022
_gГригорий Данилович
_3RU\NLR\AUTH\77109591
_992516
790 1 _4070
_8rus
_7ba
_aJastrebeneckij
_bG. D.
_f1923-2022
_gGrigorij Danilovič
_3RU\NLR\AUTH\77109596
_992521
801 0 _aRU
_bNLR
_c20120306
_gRCR
801 1 _aRU
_bNLR
_c20120306
830 _aпо эк
942 _cBOOK
980 _aNB
980 _aNBR